Gibt es eine Grundlagenkrise der neoklasischen Theorie?

Úvaha o dôveryhodnosti základov formálnych matematických metód, ktoré dominujú neoklasickej teórii, vychádza z Gödelovej vety o neúplnosti, ktorá demonštruje principiálne limity formálnych metód. Analýza Gödelovej vety a jej troch možných aplikácií v neoklasickej teórii.

Gespeichert in:
Bibliographische Detailangaben
1. Verfasser: Ötsch, W.
Format: Buchkapitel
Sprache:Deutsch
Schlagworte:
Tags: Tag hinzufügen
Keine Tags, Fügen Sie das erste Tag hinzu!

MARC

LEADER 00000naa a2200000 4500
001 r006939
005 20221130103426.8
041 0 |a ger 
044 |a DE 
245 1 0 |a Gibt es eine Grundlagenkrise der neoklasischen Theorie?  |c W. Ötsch 
520 |a Úvaha o dôveryhodnosti základov formálnych matematických metód, ktoré dominujú neoklasickej teórii, vychádza z Gödelovej vety o neúplnosti, ktorá demonštruje principiálne limity formálnych metód. Analýza Gödelovej vety a jej troch možných aplikácií v neoklasickej teórii. 
610 2 0 |a neoklasicizmus 
610 2 0 |a metódy matematické 
100 1 |a Ötsch, W.